| Tag |
First Indicator |
Second Indicator |
Subfields |
| LEADER |
00000cam a22000001a 4500 |
| 001 |
in00003300313 |
| 006 |
m d f |
| 007 |
cr bn mmmapmmp |
| 008 |
101130s2004 dcu o f000 0 eng d |
| 005 |
20260429183819.4 |
| 035 |
|
|
|a cis2007846644
|
| 040 |
|
|
|a ProQuest
|c ProQuest
|d UtOrBLW
|
| 043 |
|
|
|a n-us---
|
| 099 |
|
|
|a CRS-2004-RSI-0372
|
| 110 |
2 |
|
|a Library of Congress.
|b Congressional Research Service.
|
| 245 |
1 |
0 |
|a Clean Air Act Issues in the 108th Congress.
|
| 264 |
|
1 |
|a [Place of publication not identified] :
|b [publisher not identified],
|c 2004.
|
| 300 |
|
|
|a 1 online resource.
|
| 336 |
|
|
|a text
|b txt
|2 rdacontent
|
| 337 |
|
|
|a computer
|b c
|2 rdamedia
|
| 338 |
|
|
|a online resource
|b cr
|2 rdacarrier
|
| 500 |
|
|
|a Record is based on bibliographic data in ProQuest U.S. Congressional Research Digital Collection (last viewed Nov. 2010). Reuse except for individual research requires license from ProQuest, LLC.
|
| 500 |
|
|
|a CRS Report.
|
| 520 |
|
|
|a Examines various Clean Air Act (CAA) proposals and issues in the 108th Congress, including designation of nonattainment areas for new air quality standards, regulation of methyl tertiary butyl ether gasoline additive and ethanol, EPA proposed changes to CAA new source review requirements, multi-pollutant legislation, mercury from power plants, conformity of metropolitan area transportation plans and State implementation plans, and emission standards for small engines.
|
| 500 |
|
|
|a Electronic resource.
|
| 650 |
|
0 |
|a Air
|x Pollution.
|
| 650 |
|
0 |
|a Electric power-plants.
|
| 650 |
|
0 |
|a Cities and towns.
|
| 655 |
|
7 |
|a Electronic books.
|2 local
|
| 710 |
2 |
|
|a ProQuest (Firm)
|
| 776 |
0 |
8 |
|i Microfiche version:
|a Library of Congress. Congressional Research Service.
|t Clean Air Act Issues in the 108th Congress
|
| 830 |
|
0 |
|a U.S. Congressional Research.
|
| 856 |
4 |
0 |
|u http://proxy.library.tamu.edu/login?url=https://congressional.proquest.com/congcomp/getdoc?CRDC-ID=CRS-2004-RSI-0372
|z Connect to the full text of this electronic book
|t 0
|
| 999 |
|
|
|a MARS
|
| 999 |
f |
f |
|s 95bc7773-df66-3fa6-8153-fc8f7c93d806
|i 17cf033b-5521-3bd5-ab3f-683c1c754aa3
|t 0
|
| 952 |
f |
f |
|a Texas A&M University
|b College Station
|c Electronic Resources
|s www_evans
|d Available Online
|t 0
|e CRS-2004-RSI-0372
|h Other scheme
|
| 998 |
f |
f |
|a CRS-2004-RSI-0372
|t 0
|l Available Online
|